[Event "ODJM A 2017"]
[Site "Willingen GER"]
[Date "2017.06.07"]
[Round "6"]
[White "Garbuz, Vitaliy"]
[Black "Meulner, Fabian"]
[Result "0-1"]
[Termination "normal"]
[Board "14"]
[WhiteElo "1841"]
[BlackElo "1969"]
[PlyCount "66"]
[WhiteFideId "12990710"]
[BlackFideId "12913936"]
[EventCountry "GER"]
[EventRounds "9"]
[EventType "swiss"]
[EventDate "2017.06.03"]

1. e4 d6 2. d4 Nf6 3. Nc3 Nbd7 4. f4 e5 5. Nf3 exd4 6. Qxd4 c6 7. Be3 d5 8.
exd5 Bc5 9. Qd3 Qe7 10. Nd4 Nb6 11. O-O-O Nbxd5 12. Nxd5 Nxd5 13. Bd2 O-O 14.
Nb3 Bb6 15. Qf3 a5 16. a4 Nb4 17. c3 Nd5 18. Bd3 f5 19. Rhe1 Qf7 20. Bc4 Be6
21. Re2 Kh8 22. Rde1 Rfe8 23. Re5 Bc7 24. R5e2 Bb6 25. Re5 Qg6 26. Qe2 Bf7 27.
Qf3 Rxe5 28. Rxe5 Bc7 29. Re2 Nxf4 30. Bxf7 Nxe2+ 31. Qxe2 Qxf7 32. Nd4 Re8 33.
Qd3 Re4 0-1

[Event "ODJM A 2017"]
[Site "Willingen GER"]
[Date "2017.06.07"]
[Round "6"]
[White "Bold, Andre"]
[Black "Dette, Jan"]
[Result "1/2-1/2"]
[Termination "normal"]
[Board "15"]
[WhiteElo "1905"]
[BlackElo "2032"]
[PlyCount "47"]
[WhiteFideId "16208471"]
[BlackFideId "12936677"]
[EventCountry "GER"]
[EventRounds "9"]
[EventType "swiss"]
[EventDate "2017.06.03"]

1. e4 e5 2. Nf3 Nc6 3. Bb5 a6 4. Ba4 Nf6 5. d3 Bc5 6. O-O d6 7. c3 O-O 8. Bg5
Qe7 9. d4 Ba7 10. d5 Nb8 11. Nbd2 Nbd7 12. c4 h6 13. Bh4 g5 14. Bg3 Nc5 15. Bc2
Bg4 16. b4 Ncd7 17. h3 Bh5 18. Bd3 Bg6 19. Qc2 Nh5 20. Kh1 Ng7 21. Rae1 h5 22.
Qb1 h4 23. Bh2 Bh5 24. Ng1 1/2-1/2

[Event "ODJM A 2017"]
[Site "Willingen GER"]
[Date "2017.06.07"]
[Round "6"]
[White "Orshonova, Elena"]
[Black "Seregina, Maria"]
[Result "0-1"]
[Termination "normal"]
[Board "16"]
[WhiteTitle "WFM"]
[WhiteElo "2019"]
[BlackElo "1829"]
[PlyCount "110"]
[WhiteFideId "24174750"]
[BlackFideId "24178853"]
[EventCountry "GER"]
[EventRounds "9"]
[EventType "swiss"]
[EventDate "2017.06.03"]

1. e4 c6 2. d4 d5 3. exd5 cxd5 4. c4 Nc6 5. Nf3 Nf6 6. Nc3 dxc4 7. Bxc4 e6 8.
O-O Be7 9. Re1 O-O 10. a3 a6 11. Be3 Nd5 12. Qd3 Nxe3 13. fxe3 Qb6 14. b4 Rd8
15. Ba2 g6 16. Ne4 h6 17. Rad1 Nb8 18. Nc5 Bf6 19. Rf1 Bd7 20. Nd2 Bb5 21. Nc4
Bxc4 22. Bxc4 Kg7 23. Qe4 Nd7 24. Nxb7 Rdc8 25. Nc5 Nxc5 26. dxc5 Qc7 27. Rd6
a5 28. Rfd1 Rd8 29. Rxd8 Rxd8 30. Rxd8 Qxd8 31. b5 Qd1+ 32. Bf1 Qe1 33. Qf3 Bg5
34. c6 Qxe3+ 35. Kh1 Qxf3 36. gxf3 Bd8 37. Kg2 Kf6 38. f4 Kf5 39. Kf3 g5 40.
Bd3+ Kf6 41. h3 Bc7 42. fxg5+ hxg5 43. Ke4 Bb6 44. Bc4 Ke7 45. a4 f5+ 46. Kf3
Kd6 47. Bb3 e5 48. Bc2 e4+ 49. Kg3 Ke5 50. Bd1 f4+ 51. Kg4 Kd4 52. Be2 Ke3 53.
Bc4 Kf2 54. h4 gxh4 55. Kxf4 h3 0-1

[Event "ODJM A 2017"]
[Site "Willingen GER"]
[Date "2017.06.07"]
[Round "6"]
[White "Hofmann, Marko"]
[Black "Rieper, Julian"]
[Result "0-1"]
[Termination "normal"]
[Board "17"]
[WhiteElo "1837"]
[BlackElo "2064"]
[PlyCount "50"]
[WhiteFideId "12935875"]
[BlackFideId "12936960"]
[EventCountry "GER"]
[EventRounds "9"]
[EventType "swiss"]
[EventDate "2017.06.03"]

1. d4 Nf6 2. Nc3 d5 3. e4 Nxe4 4. Nxe4 dxe4 5. Bc4 Nc6 6. c3 e5 7. Qb3 Qf6 8.
Be3 Qg6 9. O-O-O Bd6 10. h4 h5 11. d5 Nb8 12. Qc2 O-O 13. Ne2 f5 14. Bg5 f4 15.
f3 Bf5 16. fxe4 Bxe4 17. Bd3 Bxd3 18. Rxd3 Nd7 19. b4 a5 20. a3 b5 21. Rg1 Nb6
22. g4 hxg4 23. Rxg4 Nc4 24. h5 Qxh5 25. Rh4 Qxg5 0-1

[Event "ODJM A 2017"]
[Site "Willingen GER"]
[Date "2017.06.07"]
[Round "6"]
[White "Longo, Claudio"]
[Black "Buhr, Patrick"]
[Result "1-0"]
[Termination "normal"]
[Board "19"]
[WhiteElo "1979"]
[BlackElo "1780"]
[PlyCount "77"]
[WhiteFideId "12994766"]
[BlackFideId "16206436"]
[EventCountry "GER"]
[EventRounds "9"]
[EventType "swiss"]
[EventDate "2017.06.03"]

1. d4 d5 2. Nf3 Nf6 3. e3 Bf5 4. c4 c6 5. Nc3 Nbd7 6. Be2 e6 7. O-O Be7 8. b3
h6 9. Bb2 O-O 10. Rc1 Bh7 11. Re1 Re8 12. Bf1 Rc8 13. Nd2 e5 14. cxd5 cxd5 15.
dxe5 Nxe5 16. Nb5 Nc6 17. Nf3 Bb4 18. Bc3 Bxc3 19. Nxc3 d4 20. exd4 Rxe1 21.
Qxe1 Nxd4 22. Nxd4 Qxd4 23. Rd1 Qc5 24. Bc4 Re8 25. Qd2 Bg6 26. h3 Qe5 27. a4
b6 28. Nb5 a6 29. Nd6 Rd8 30. Nxf7 Bxf7 31. Qxd8+ Ne8 32. Bxf7+ Kxf7 33. Qxb6
Qe2 34. Rd7+ Kg8 35. Rd8 Kh7 36. Qe3 Qxe3 37. fxe3 Nc7 38. Rd7 Ne6 39. b4 1-0

[Event "ODJM A 2017"]
[Site "Willingen GER"]
[Date "2017.06.07"]
[Round "6"]
[White "Joeres, Stefan"]
[Black "Schäfer, Nicolas"]
[Result "1-0"]
[Termination "normal"]
[Board "21"]
[WhiteElo "1995"]
[BlackElo "1656"]
[PlyCount "109"]
[WhiteFideId "12983160"]
[BlackFideId "12988901"]
[EventCountry "GER"]
[EventRounds "9"]
[EventType "swiss"]
[EventDate "2017.06.03"]

1. e4 c5 2. Nf3 d6 3. d4 cxd4 4. Nxd4 Nf6 5. Nc3 g6 6. Be3 Bg7 7. f3 O-O 8. Qd2
Nc6 9. g4 Bd7 10. O-O-O Rc8 11. h4 h5 12. g5 Ne8 13. Nxc6 Bxc6 14. Bd4 Bxd4 15.
Qxd4 Nc7 16. Bh3 Rb8 17. f4 b5 18. Nd5 Nxd5 19. exd5 Bd7 20. f5 b4 21. Rde1 Kh7
22. Qxa7 gxf5 23. Rhf1 Ra8 24. Qxd7 Qxd7 25. Bxf5+ Qxf5 26. Rxf5 Kg6 27. Rf4
Rxa2 28. Rxe7 Ra5 29. Rf6+ Kg7 30. Rxd6 b3 31. cxb3 Rc8+ 32. Rc6 Rc5+ 33. Rxc5
Rxc5+ 34. Kb1 Rxd5 35. Re4 Kg6 36. Rf4 Rd3 37. Ka2 Rg3 38. b4 Rg4 39. Rf6+ Kg7
40. Ka3 Rxh4 41. Rh6 Rg4 42. Rxh5 Kg6 43. Rh8 Kg7 44. Rc8 Rxg5 45. Rc5 f5 46.
b5 Kf6 47. b6 Rg8 48. Kb4 f4 49. Kb5 f3 50. b7 Ke6 51. Rc1 Kd7 52. Kb6 f2 53.
Rf1 Rf8 54. b4 Rf4 55. b5 1-0

[Event "ODJM A 2017"]
[Site "Willingen GER"]
[Date "2017.06.07"]
[Round "6"]
[White "Petri, Ben-Luca"]
[Black "Englert, Jon"]
[Result "0-1"]
[Termination "normal"]
[Board "22"]
[WhiteElo "1709"]
[BlackElo "1929"]
[PlyCount "62"]
[WhiteFideId "12947261"]
[BlackFideId "12992275"]
[EventCountry "GER"]
[EventRounds "9"]
[EventType "swiss"]
[EventDate "2017.06.03"]

1. e4 d5 2. exd5 Qxd5 3. Nc3 Qd6 4. Nf3 Nf6 5. d4 a6 6. Be2 b5 7. Be3 Bb7 8.
O-O Nbd7 9. Qc1 e6 10. Bf4 Qb6 11. Re1 Be7 12. Nd1 O-O 13. Ne3 c5 14. dxc5 Nxc5
15. c4 Rac8 16. b4 Nce4 17. c5 Nxc5 18. bxc5 Bxc5 19. Qd1 Bb4 20. Rf1 Bc3 21.
Rc1 Rfd8 22. Qb3 Nd5 23. Nxd5 Bxd5 24. Qb1 Qa5 25. Rxc3 Qxc3 26. Rc1 Qa5 27.
Ng5 Rxc1+ 28. Qxc1 Bc4 29. Bxc4 bxc4 30. Qb1 Qf5 31. Qf1 Qxf4 0-1

[Event "ODJM A 2017"]
[Site "Willingen GER"]
[Date "2017.06.07"]
[Round "6"]
[White "Baumann, Marcel"]
[Black "Hinrichs, Niklas"]
[Result "0-1"]
[Termination "normal"]
[Board "23"]
[WhiteElo "1712"]
[BlackElo "1930"]
[PlyCount "72"]
[WhiteFideId "12974668"]
[BlackFideId "12942499"]
[EventCountry "GER"]
[EventRounds "9"]
[EventType "swiss"]
[EventDate "2017.06.03"]

1. d4 d5 2. c4 c6 3. Nc3 Nf6 4. Nf3 e6 5. Bg5 h6 6. Bh4 g5 7. Bg3 dxc4 8. e4 b5
9. Be2 Bb7 10. O-O Nbd7 11. a4 b4 12. Nb1 Nxe4 13. Be5 Nxe5 14. Nxe5 Bg7 15.
Bf3 Bxe5 16. dxe5 Nc5 17. Nd2 Qd4 18. Rc1 c3 19. bxc3 bxc3 20. Ne4 Qxd1 21.
Rfxd1 Nxe4 22. Bxe4 Rd8 23. Rxd8+ Kxd8 24. Rxc3 Kc7 25. Rf3 Rd8 26. Kf1 Rd7 27.
Rh3 Rd4 28. Bc2 Rd2 29. Bd3 Rxd3 30. Rxd3 Ba6 31. Ke2 Kb6 32. Ke3 Bxd3 33. Kxd3
Kc5 34. Ke4 Kb4 35. f4 g4 36. f5 c5 0-1

[Event "ODJM A 2017"]
[Site "Willingen GER"]
[Date "2017.06.07"]
[Round "6"]
[White "Täschner, Simon"]
[Black "Yi, Danny"]
[Result "0-1"]
[Termination "normal"]
[Board "24"]
[WhiteElo "1806"]
[BlackElo "2066"]
[PlyCount "108"]
[WhiteFideId "1270971"]
[BlackFideId "12988588"]
[EventCountry "GER"]
[EventRounds "9"]
[EventType "swiss"]
[EventDate "2017.06.03"]

1. c4 Nf6 2. g3 g6 3. Bg2 Bg7 4. Nc3 c5 5. d3 O-O 6. Nf3 Nc6 7. O-O b6 8. Bd2
Bb7 9. Rb1 e6 10. a3 Qe7 11. Qa4 d5 12. b4 dxc4 13. dxc4 Nd7 14. Rfd1 Rfd8 15.
Ng5 Nde5 16. Nce4 Nxc4 17. bxc5 Nxd2 18. Nxd2 Rd4 19. Qb5 Qxg5 20. Bxc6 Bxc6
21. Qxc6 Rad8 22. cxb6 axb6 23. h4 Qa5 24. Rxb6 Rxd2 25. Rxd2 Qxd2 26. Qc7 Qd7
27. Qc4 Rc8 28. Qb3 Rc1+ 29. Kh2 Qd5 30. Rb8+ Bf8 31. Qxd5 exd5 32. Rd8 Rc5 33.
Ra8 Kg7 34. a4 d4 35. a5 Rc7 36. a6 Bc5 37. Kg2 Kf6 38. Kf3 Re7 39. g4 Ke6 40.
Ke4 Kd6+ 41. Kd3 Kc6 42. Rh8 Kb6 43. Rxh7 Kxa6 44. h5 gxh5 45. gxh5 Ba7 46. Rh8
Re5 47. h6 Rh5 48. h7 Kb7 49. Ke4 Rh4+ 50. Kf5 Rh2 51. f3 Bb6 52. Kf6 d3 53.
Re8 d2 54. Re7+ Kc6 0-1

[Event "ODJM A 2017"]
[Site "Willingen GER"]
[Date "2017.06.07"]
[Round "6"]
[White "Munkhjargal, Narmandakh"]
[Black "Hetzner, Hannes"]
[Result "1-0"]
[Termination "normal"]
[Board "25"]
[WhiteElo "1957"]
[BlackElo "1602"]
[PlyCount "127"]
[WhiteFideId "4903382"]
[BlackFideId "16211936"]
[EventCountry "GER"]
[EventRounds "9"]
[EventType "swiss"]
[EventDate "2017.06.03"]

1. d4 e6 2. c4 Nf6 3. Nc3 Bb4 4. Qc2 O-O 5. Bf4 d6 6. e3 Nbd7 7. Bd3 e5 8. Bg5
h6 9. Bh4 Re8 10. dxe5 Nxe5 11. Nge2 Be6 12. O-O Bxc4 13. Bxc4 Nxc4 14. Nd5 Nd2
15. Nxb4 Nxf1 16. Rxf1 g5 17. Bg3 Ne4 18. Nd5 c6 19. Ndc3 Nxg3 20. Nxg3 d5 21.
Nce2 Qf6 22. Nd4 Qg6 23. Qc3 f6 24. Ngf5 Re5 25. Qc2 Kh7 26. Ng3 Qxc2 27. Nxc2
Kg6 28. f4 Re7 29. fxg5 fxg5 30. Nf5 Rf7 31. g4 Raf8 32. Kg2 h5 33. gxh5+ Kxh5
34. Ng3+ Kg6 35. Rxf7 Rxf7 36. Nd4 Rf6 37. h3 c5 38. Nf3 Rb6 39. Ne5+ Kh7 40.
b3 Ra6 41. Kf3 Rxa2 42. Nd7 c4 43. bxc4 dxc4 44. Ne4 Kh6 45. Ndc5 b5 46. Nc3
Rb2 47. e4 b4 48. Nd5 c3 49. Ke3 c2 50. Kd2 b3 51. Nc3 Kg6 52. Kc1 Ra2 53. Nxa2
bxa2 54. Nb3 Kf6 55. Kxc2 Ke5 56. Kd3 a5 57. Ke3 Ke6 58. Kd4 Kd6 59. e5+ Ke6
60. Ke4 a4 61. Na1 Kd7 62. Kf5 Ke7 63. e6 g4 64. hxg4 1-0

[Event "ODJM A 2017"]
[Site "Willingen GER"]
[Date "2017.06.07"]
[Round "6"]
[White "Rudolph, Eva"]
[Black "Bui, Hai Lam"]
[Result "0-1"]
[Termination "normal"]
[Board "26"]
[WhiteElo "1679"]
[BlackElo "1916"]
[PlyCount "224"]
[WhiteFideId "16200594"]
[BlackFideId "12975737"]
[EventCountry "GER"]
[EventRounds "9"]
[EventType "swiss"]
[EventDate "2017.06.03"]

1. e4 e6 2. d4 b6 3. Bd3 Bb7 4. Nf3 d6 5. c4 Nd7 6. Nc3 Ne7 7. Bg5 h6 8. Bh4 a6
9. O-O g5 10. Bg3 Bg7 11. h3 O-O 12. Re1 Nc6 13. Bc2 Re8 14. Rc1 e5 15. d5 Nd4
16. b4 a5 17. a3 axb4 18. axb4 Ra3 19. Nxd4 Rxc3 20. Nc6 Bxc6 21. dxc6 Nf8 22.
Bd3 Rxc1 23. Qxc1 Qa8 24. b5 Ne6 25. Qe3 Qa4 26. Be2 Ra8 27. h4 Bf6 28. Qf3 Kg7
29. hxg5 hxg5 30. Qd3 Nc5 31. Qb1 Kf8 32. f3 Ke7 33. Bf2 Ne6 34. Be3 Qa3 35.
Qc1 Qb4 36. Bf1 Nf4 37. Qd2 Qb3 38. Qd1 Qa2 39. Qd2 Qa3 40. Qc1 Qa7 41. Qc2 Rg8
42. Be2 Qa3 43. Qc1 Qa7 44. Qc2 Qb8 45. Ra1 g4 46. fxg4 Bg5 47. Kf2 Rh8 48. Bf3
Ne6 49. Bxg5+ Nxg5 50. Qa2 Qg8 51. Qd2 Qg6 52. Qe3 Ne6 53. Ke2 f6 54. Kd3 Nc5+
55. Kc3 Ne6 56. Kd3 Qg8 57. Ra2 Rh1 58. Qd2 Qh7 59. Qe3 Kf7 60. g3 Rh2 61. Rxh2
Qxh2 62. Be2 Nd4 63. Bd1 Kg6 64. Qd2 Qxg3+ 65. Qe3 Qg2 66. Qd2 Qf1+ 67. Ke3
Qf4+ 68. Kd3 Kg5 69. Qg2 Ne6 70. Kc3 Qe3+ 71. Kc2 Nc5 72. Qd2 Qxd2+ 73. Kxd2
Nxe4+ 74. Ke3 Nc5 75. Be2 Ne6 76. Ke4 Nf8 77. Kd5 Kf4 78. Bd1 Ke3 79. Bc2 Kf4
80. Bf5 Kg5 81. Ke4 Ng6 82. Ke3 Ne7 83. Be6 f5 84. gxf5 Nxf5+ 85. Ke4 Ne7 86.
Bd7 Ng8 87. Be6 Nf6+ 88. Ke3 Kh4 89. Kf3 Nh5 90. Bf5 Kg5 91. Bc2 Nf6 92. Ke3
Kg4 93. Bd3 Kg3 94. Bf5 Kg2 95. Bd3 Kg3 96. Bf5 Kh4 97. Be6 Kg5 98. Bh3 Kg6 99.
Be6 Kg7 100. Bf5 Kf8 101. Be6 Ke7 102. Bh3 d5 103. cxd5 Kd6 104. Bf1 Nxd5+ 105.
Ke4 Nf6+ 106. Kf5 Ne8 107. Ke4 Ng7 108. Be2 Ne6 109. Bf1 Nd4 110. Bd3 Kc5 111.
Kxe5 Nxb5 112. Be4 Nd4 0-1

[Event "ODJM A 2017"]
[Site "Willingen GER"]
[Date "2017.06.07"]
[Round "6"]
[White "Gallasch, Robin"]
[Black "Ortmeier, Leonhard"]
[Result "0-1"]
[Termination "normal"]
[Board "27"]
[WhiteElo "1562"]
[BlackElo "1921"]
[PlyCount "80"]
[WhiteFideId "16222423"]
[BlackFideId "12993662"]
[EventCountry "GER"]
[EventRounds "9"]
[EventType "swiss"]
[EventDate "2017.06.03"]

1. d4 Nf6 2. c4 g6 3. Nc3 Bg7 4. e4 d6 5. Nf3 O-O 6. h3 e5 7. dxe5 dxe5 8. Be3
Nbd7 9. Be2 c6 10. O-O Qc7 11. Qc2 Nh5 12. Rad1 Nf4 13. b4 Re8 14. Nd2 Nf8 15.
c5 Qe7 16. Nf3 N8e6 17. Kh2 h6 18. g3 Nxh3 19. Qc1 Nhg5 20. Nxg5 Nxg5 21. Rd6
a5 22. b5 Bd7 23. Rfd1 Red8 24. Bxg5 hxg5 25. b6 Be6 26. Qd2 Bf6 27. Kg2 Kg7
28. f3 Rh8 29. g4 Rh4 30. Rh1 Rah8 31. Rxh4 gxh4 32. Kh3 Bg5 33. Qd3 Qf6 34.
Nd5 cxd5 35. f4 Qxf4 36. exd5 e4 37. Qd4+ Bf6 38. Qg1 Bc8 39. a4 Be5 40. Rxg6+
fxg6 0-1

[Event "ODJM A 2017"]
[Site "Willingen GER"]
[Date "2017.06.07"]
[Round "6"]
[White "Straßburg, Robin"]
[Black "Reitz, Philipp"]
[Result "0-1"]
[Termination "normal"]
[Board "28"]
[WhiteElo "1673"]
[BlackElo "1954"]
[PlyCount "62"]
[WhiteFideId "16210018"]
[BlackFideId "12973297"]
[EventCountry "GER"]
[EventRounds "9"]
[EventType "swiss"]
[EventDate "2017.06.03"]

1. d4 Nf6 2. Nf3 g6 3. Nbd2 c5 4. e3 Bg7 5. Bd3 d5 6. c3 O-O 7. O-O Qc7 8. Qe2
Nbd7 9. e4 cxd4 10. Nxd4 Nc5 11. Bc2 Nfxe4 12. Nxe4 dxe4 13. Bxe4 Nxe4 14. Qxe4
Rd8 15. Be3 e5 16. Nb3 Bf5 17. Qf3 h5 18. h3 Bd3 19. Rfd1 e4 20. Bf4 Qc4 21.
Qe3 b6 22. Rd2 Rd5 23. Rad1 Rad8 24. Kh1 Qa4 25. Nc1 Bf6 26. Bh2 Qd7 27. f3 Qf5
28. fxe4 Bxe4 29. Rxd5 Rxd5 30. Rxd5 Qf1+ 31. Qg1 Bxg2# 0-1

[Event "ODJM A 2017"]
[Site "Willingen GER"]
[Date "2017.06.07"]
[Round "6"]
[White "Wübker, Paul-Luca"]
[Black "Kostanyan, Hakob"]
[Result "1-0"]
[Termination "normal"]
[Board "29"]
[WhiteElo "1806"]
[BlackElo "1737"]
[PlyCount "71"]
[WhiteFideId "12939528"]
[BlackFideId "12977683"]
[EventCountry "GER"]
[EventRounds "9"]
[EventType "swiss"]
[EventDate "2017.06.03"]

1. d4 Nf6 2. c4 g6 3. Nc3 Bg7 4. e4 O-O 5. Bd3 d6 6. Nge2 e5 7. d5 c5 8. f3 Nh5
9. Be3 f5 10. Qd2 Na6 11. O-O-O Bd7 12. Rdg1 f4 13. Bf2 Nc7 14. g3 a6 15. gxf4
exf4 16. h4 b5 17. Rg5 bxc4 18. Bxc4 Nb5 19. Rhg1 Kh8 20. Na4 Na3 21. Bb3 Nc4
22. Bxc4 Bxa4 23. Be1 Bb5 24. Rxh5 gxh5 25. Bxb5 axb5 26. Nxf4 Rf7 27. Ne6 Qe7
28. a3 c4 29. Qe3 c3 30. Bxc3 Bxc3 31. Qxc3+ Qf6 32. Qc6 Rxa3 33. Qc8+ Rf8 34.
Nxf8 Ra1+ 35. Kc2 Rxg1 36. Nd7+ 1-0

[Event "ODJM A 2017"]
[Site "Willingen GER"]
[Date "2017.06.07"]
[Round "6"]
[White "Wensing, Maximilian"]
[Black "Gutschenreiter, Donato"]
[Result "1/2-1/2"]
[Termination "normal"]
[Board "30"]
[WhiteElo "1922"]
[BlackElo "1701"]
[PlyCount "59"]
[WhiteFideId "16222415"]
[BlackFideId "12975540"]
[EventCountry "GER"]
[EventRounds "9"]
[EventType "swiss"]
[EventDate "2017.06.03"]

1. e4 c5 2. Nf3 d6 3. d4 cxd4 4. Nxd4 Nf6 5. Nc3 g6 6. Be3 Bg7 7. f3 O-O 8. Qd2
Nc6 9. O-O-O Bd7 10. g4 Ne5 11. h4 h5 12. gxh5 Nxh5 13. Bh6 a6 14. Rg1 b5 15.
Bxg7 Kxg7 16. Nf5+ Bxf5 17. Be2 Bd7 18. f4 Nc4 19. Qd4+ Kh6 20. Bxh5 e5 21.
fxe5 dxe5 22. Qxd7 Qxd7 23. Rxd7 Kxh5 24. b3 Ne3 25. Rg5+ Kxh4 26. Rxe5 Rad8
27. Ra7 Rc8 28. Kd2 Rfd8+ 29. Kxe3 Rxc3+ 30. Kf4 1/2-1/2

[Event "ODJM A 2017"]
[Site "Willingen GER"]
[Date "2017.06.07"]
[Round "6"]
[White "Irkilmez, Yakub"]
[Black "Arnold, Leander"]
[Result "1/2-1/2"]
[Termination "normal"]
[Board "31"]
[WhiteElo "1921"]
[BlackElo "1625"]
[PlyCount "98"]
[WhiteFideId "16204581"]
[BlackFideId "12990230"]
[EventCountry "GER"]
[EventRounds "9"]
[EventType "swiss"]
[EventDate "2017.06.03"]

1. d4 Nf6 2. Bf4 g6 3. Nf3 Bg7 4. e3 O-O 5. Nbd2 d6 6. h3 c5 7. c3 b6 8. Bc4
Bb7 9. O-O Na6 10. Qe2 Nc7 11. a4 cxd4 12. exd4 e6 13. Rfe1 Qd7 14. Bh2 Rfe8
15. a5 b5 16. Bd3 a6 17. c4 bxc4 18. Nxc4 Ncd5 19. Nxd6 Red8 20. Nc4 Bc6 21.
Nfe5 Qb7 22. Nxc6 Qxc6 23. Rec1 Bh6 24. Rd1 Nf4 25. Bxf4 Bxf4 26. g3 Bc7 27.
Rac1 Qb7 28. Bb1 Rd5 29. Qf3 Kg7 30. Rd2 Rb8 31. Qd1 Bxa5 32. Rd3 Bc7 33. Ba2
Rb5 34. Bb1 a5 35. Qf1 Qa7 36. Rd2 Rd8 37. Nd6 Rxb2 38. Nb5 Rxb5 39. Qxb5 Bd6
40. Ra2 Qxd4 41. Rxa5 Bxg3 42. Qf1 Bb8 43. Rac5 Nh5 44. R1c4 Qd6 45. Qc1 Qh2+
46. Kf1 Nf4 47. Rxf4 Bxf4 48. Qc3+ Kg8 49. Qf3 Bh6 1/2-1/2

[Event "ODJM A 2017"]
[Site "Willingen GER"]
[Date "2017.06.07"]
[Round "6"]
[White "Cejda, Moritz"]
[Black "Engel, Robert"]
[Result "0-1"]
[Termination "normal"]
[Board "32"]
[WhiteElo "1684"]
[BlackElo "1887"]
[PlyCount "126"]
[WhiteFideId "12925152"]
[BlackFideId "12974684"]
[EventCountry "GER"]
[EventRounds "9"]
[EventType "swiss"]
[EventDate "2017.06.03"]

1. e4 c5 2. c3 Nf6 3. e5 Nd5 4. d4 cxd4 5. cxd4 Nc6 6. Nf3 d6 7. Bc4 Nb6 8. Bb5
dxe5 9. Nxe5 Bd7 10. Bxc6 Bxc6 11. Nxc6 bxc6 12. O-O e6 13. Be3 Be7 14. Nd2 O-O
15. Rc1 Rc8 16. Nf3 Nd5 17. Ne5 c5 18. Qf3 Bf6 19. Qg3 Nxe3 20. fxe3 Bxe5 21.
Qxe5 cxd4 22. Qxd4 Qxd4 23. exd4 Rfd8 24. Rxc8 Rxc8 25. Rf2 Rc1+ 26. Rf1 Rc4
27. Rd1 Kf8 28. Rd2 Ke7 29. Kf2 Kd6 30. Ke3 Kd5 31. g3 h5 32. h3 a5 33. Rd3 a4
34. a3 g6 35. b4 axb3 36. Rxb3 Rxd4 37. Rb7 Ra4 38. Rxf7 Ke5 39. Rc7 Rxa3+ 40.
Kf2 Kf5 41. Rf7+ Ke5 42. Rb7 Kf6 43. Rb6 Kf5 44. Rb8 e5 45. Rf8+ Ke6 46. Re8+
Kf6 47. Kg2 Rb3 48. Kf2 h4 49. Rf8+ Ke7 50. Rf3 hxg3+ 51. Kxg3 Rxf3+ 52. Kxf3
Ke6 53. Ke4 Kf6 54. h4 Ke6 55. Ke3 Kf5 56. Kf3 e4+ 57. Ke3 Ke5 58. Ke2 Kf4 59.
Kf2 Kg4 60. Ke3 Kxh4 61. Kxe4 Kg3 62. Ke3 g5 63. Ke2 g4 0-1

[Event "ODJM A 2017"]
[Site "Willingen GER"]
[Date "2017.06.07"]
[Round "6"]
[White "Stemmler, Fabian"]
[Black "Leser, Stefan"]
[Result "1-0"]
[Termination "normal"]
[Board "33"]
[WhiteElo "1982"]
[BlackElo "1817"]
[PlyCount "79"]
[WhiteFideId "12964808"]
[BlackFideId "12997706"]
[EventCountry "GER"]
[EventRounds "9"]
[EventType "swiss"]
[EventDate "2017.06.03"]

1. d4 Nf6 2. Bg5 e6 3. Nd2 h6 4. Bh4 c5 5. e3 b6 6. Ngf3 Bb7 7. c3 Be7 8. Bd3
O-O 9. O-O Nc6 10. a4 d6 11. Qe2 cxd4 12. exd4 Nh5 13. Bxe7 Nxe7 14. Be4 Nf4
15. Qd1 d5 16. Bb1 Ba6 17. Re1 Bd3 18. Ne5 Bxb1 19. Qxb1 f6 20. Nd3 Nxd3 21.
Qxd3 Qd6 22. Qe2 Kf7 23. Nf3 Ng6 24. a5 Nf4 25. Qa6 Kg8 26. g3 Ng6 27. h4 Rfe8
28. h5 Nf8 29. Ra3 e5 30. axb6 axb6 31. Qxa8 Rxa8 32. Rxa8 e4 33. Nh4 Kh7 34.
Rea1 e3 35. Re1 exf2+ 36. Kxf2 g5 37. hxg6+ Nxg6 38. Ra7+ Kg8 39. Ra8+ Nf8 40.
Ng6 1-0

[Event "ODJM A 2017"]
[Site "Willingen GER"]
[Date "2017.06.07"]
[Round "6"]
[White "Terhuven, Patrick"]
[Black "Bayer, Martin"]
[Result "1-0"]
[Termination "normal"]
[Board "34"]
[WhiteElo "2171"]
[BlackElo "1751"]
[PlyCount "83"]
[WhiteFideId "12919098"]
[BlackFideId "16206924"]
[EventCountry "GER"]
[EventRounds "9"]
[EventType "swiss"]
[EventDate "2017.06.03"]

1. e4 e5 2. Nf3 Nc6 3. Bc4 Nf6 4. d3 Bc5 5. c3 d6 6. O-O O-O 7. Nbd2 Be6 8.
Bxe6 fxe6 9. Qb3 Qc8 10. Nc4 Rb8 11. h3 Nh5 12. Qd1 Qe8 13. d4 exd4 14. cxd4
Bb6 15. Be3 Qg6 16. Nh4 Qf7 17. Nxb6 axb6 18. Rc1 Nf6 19. Qc2 d5 20. exd5 exd5
21. Nf3 Rbc8 22. Bf4 Ne4 23. Bh2 Rce8 24. Ne5 Nxe5 25. Bxe5 c6 26. f3 Nf6 27.
Bd6 Re3 28. Bxf8 Qxf8 29. Rce1 Rxe1 30. Rxe1 Qd6 31. Qe2 Kf7 32. Qe5 Qxe5 33.
Rxe5 Nd7 34. Re3 c5 35. Kf2 cxd4 36. Rd3 Ke6 37. Rxd4 Ke5 38. Rb4 g6 39. Ke3 h6
40. f4+ Ke6 41. Kd4 Kd6 42. Rb5 1-0

[Event "ODJM A 2017"]
[Site "Willingen GER"]
[Date "2017.06.07"]
[Round "6"]
[White "Reindl, Knut"]
[Black "Greßmann, Moritz"]
[Result "0-1"]
[Termination "normal"]
[Board "35"]
[WhiteElo "1687"]
[BlackElo "2100"]
[PlyCount "170"]
[WhiteFideId "12946753"]
[BlackFideId "24695084"]
[EventCountry "GER"]
[EventRounds "9"]
[EventType "swiss"]
[EventDate "2017.06.03"]

1. c4 Nf6 2. Nf3 g6 3. g3 Bg7 4. Bg2 O-O 5. O-O d6 6. Nc3 Nc6 7. Rb1 a5 8. d3
e5 9. Bg5 Be6 10. Ne4 d5 11. Nc5 Qc8 12. Nxe6 Qxe6 13. Nd2 dxc4 14. Nxc4 Nd7
15. Qa4 Nd4 16. Qd1 c6 17. Bd2 a4 18. e3 Nb5 19. Qc2 f5 20. Na5 Ra7 21. Qc4
Qxc4 22. dxc4 Nd6 23. b4 e4 24. c5 Nb5 25. Rfd1 Ne5 26. Bf1 Nf3+ 27. Kg2 Na3
28. Bc4+ Kh8 29. Rbc1 Rd8 30. Bc3 Rxd1 31. Bxg7+ Kxg7 32. Rxd1 Rxa5 33. Rd7+
Kh6 34. bxa5 Nxc4 35. Rxb7 Nxa5 36. Ra7 Nc4 37. Rxa4 Ncd2 38. Ra6 Ne5 39. Ra7
Ndc4 40. a4 Nd3 41. Rc7 Na5 42. Ra7 Nb3 43. Rc7 Ndxc5 44. Rxc6 Nxa4 45. Rc4
Nac5 46. Rc2 Nd3 47. Ra2 Nbc5 48. h3 Kg5 49. Re2 h5 50. Ra2 h4 51. Ra8 hxg3 52.
Kxg3 Ne6 53. Ra1 Ng7 54. Ra4 Nh5+ 55. Kg2 Kh4 56. Rc4 Ne1+ 57. Kf1 Nf3 58. Kg2
Ng5 59. Rc6 Nxh3 60. f3 exf3+ 61. Kxf3 g5 62. Rc5 g4+ 63. Kg2 Ng7 64. Ra5 Ng5
65. Ra7 N5e6 66. Ra5 Nc7 67. Ra7 Nce8 68. Ra5 Nf6 69. Ra7 Nge8 70. Ra5 Kg5 71.
Re5 Nd6 72. Rc5 Nfe4 73. Rc7 Kf6 74. Rc1 Ke5 75. Kg1 Kf6 76. Kg2 Kg5 77. Rc6
Kf6 78. Rc1 Nf7 79. Rc6+ Kg5 80. Rc1 Ne5 81. Rc7 Ng6 82. Rg7 Kf6 83. Rc7 Nh4+
84. Kg1 g3 85. Rc8 Nd2 0-1

[Event "ODJM A 2017"]
[Site "Willingen GER"]
[Date "2017.06.07"]
[Round "6"]
[White "Wissing, Philipp"]
[Black "Kornitzky, Tino"]
[Result "1/2-1/2"]
[Termination "normal"]
[Board "36"]
[WhiteElo "1749"]
[BlackElo "1996"]
[PlyCount "79"]
[WhiteFideId "12993654"]
[BlackFideId "12970379"]
[EventCountry "GER"]
[EventRounds "9"]
[EventType "swiss"]
[EventDate "2017.06.03"]

1. g3 d5 2. Bg2 Nf6 3. c4 e6 4. Nf3 d4 5. d3 c5 6. O-O Nc6 7. e3 Bd6 8. exd4
cxd4 9. a3 a5 10. Re1 O-O 11. Nbd2 Re8 12. Ne4 Nxe4 13. Rxe4 e5 14. Qc2 Bc5 15.
Re1 f5 16. Ng5 e4 17. dxe4 h6 18. Nh3 d3 19. Qc3 fxe4 20. Be3 Bxe3 21. fxe3
Bxh3 22. Bxh3 Ne5 23. Bg2 Rc8 24. c5 Qd5 25. Qd4 Qxd4 26. exd4 Nc4 27. Bxe4 d2
28. Re2 Rxe4 29. Rxe4 Nxb2 30. Re7 b6 31. Rb7 d1=Q+ 32. Rxd1 Nxd1 33. cxb6 Kh7
34. Rc7 Rb8 35. b7 Ne3 36. Kf2 Nd5 37. Rd7 Nb6 38. Rc7 Nd5 39. Rd7 Nf6 40. Re7
1/2-1/2